[Event "Bruges Masters 2018"]
[Site "Brugge"]
[Date "2018.08.16"]
[Round "3"]
[White "Rajesh, V A V"]
[Black "Dauw, Sterre"]
[Result "1-0"]
[WhiteElo "2325"]
[BlackElo "2192"]
[Annotator "NA"]
[PlyCount "59"]
[EventDate "2018.08.12"]
[EventType "swiss"]
[EventCountry "BEL"]
[SourceTitle "playchess.com"]
[Source "ChessBase"]
[SourceQuality "1"]
[TimeControl "5400+30"]

1. d4 {[%emt 0:03:47]} Nf6 {[%emt 0:03:27]} 2. c4 {[%emt 0:00:11]} c5 {[%emt 0:00:07]} 3. d5 {[%emt 0:00:06]} e6 {[%emt 0:00:06]} 4. Nc3 {[%emt 0:00:09]} exd5 {[%emt 0:00:07]} 5. cxd5 {[%emt 0:00:05]} d6 {[%emt 0:00:09]} 6. Nf3 {[%emt 0:00:20]} g6 {[%emt 0:00:08]} 7. Bf4 {[%emt 0:00:37]} Bg7 {[%emt 0:00:09]} 8. Qa4+ {[%emt 0:00:57]} Bd7 {[%emt 0:00:08]} 9. Qb3 {[%emt 0:00:22]} Qc7 {[%emt 0:00:06]} 10. e4 {[%emt 0:00:31]} O-O {[%emt 0:00:09]} 11. Be2 {[%emt 0:01:25]} Nh5 {[%emt 0:00:35]} 12. Be3 {[%emt 0:00:14]} Na6 {[%emt 0:00:06]} 13. Nd2 {[%emt 0:01:48]} Rab8 {[%emt 0:00:32]} 14. a4 {[%emt 0:09:15]} Nb4 {[%emt 0:00:36]} 15. Nc4 {[%emt 0:02:02]} f5 {[%emt 0:04:06]} 16. exf5 {[%emt 0:10:06]} Bxf5 {[%emt 0:00:59]} 17. Nb5 {[%emt 0:00:09]} Qe7 {[%emt 0:05:10]} 18. O-O {[%emt 0:10:08]} Bc2 {[%emt 0:06:38]} 19. Qa3 {[%emt 0:00:36]} Nf4 {[%emt 0:00:52]} 20. Bg4 {[%emt 0:09:19]} a6 {[%emt 0:09:28]} 21. Nbxd6 {[%emt 0:05:21]} b5 {[%emt 0:00:23]} 22. axb5 {[%emt 0:04:36]} axb5 {[%emt 0:00:06]} 23. Bxf4 {[%emt 0:05:35]} Rxf4 {[%emt 0:00:44]} 24. Be6+ {[%emt 0:00:20]} Kh8 {[%emt 0:00:31]} 25. Qg3 {[%emt 0:13:57]} Rbf8 {[%emt 0:01:39]} 26. Nc8 {[%emt 0:03:15]} Rxc8 {[%emt 0:11:15]} 27. Qxf4 {[%emt 0:00:22]} Rd8 {[%emt 0:04:52]} 28. Ne5 {[%emt 0:01:01]} Bxe5 {[%emt 0:02:37]} 29. Qxe5+ {[%emt 0:00:13]} Qg7 {[%emt 0:00:05]} 30. Qg5 {[%emt 0:00:20]} 1-0

[Event "Bruges Masters 2018"]
[Site "Brugge"]
[Date "2018.08.16"]
[Round "3"]
[White "Dardha, Daniel"]
[Black "Dgebuadze, Alexandre"]
[Result "1/2-1/2"]
[WhiteElo "2302"]
[BlackElo "2511"]
[Annotator "ChessBase"]
[PlyCount "84"]
[EventDate "2018.08.12"]
[EventType "swiss"]
[EventCountry "BEL"]
[SourceTitle "playchess.com"]
[Source "ChessBase"]
[SourceQuality "1"]
[TimeControl "5400+30"]

1. e4 {[%emt 0:00:00]} c5 {[%emt 0:00:00]} 2. Nf3 {[%emt 0:00:00]} Nc6 {[%emt 0:00:00]} 3. Bb5 {[%emt 0:00:00]} g6 {[%emt 0:00:00]} 4. Bxc6 {[%emt 0:00:00]} bxc6 {[%emt 0:00:00]} 5. O-O {[%emt 0:00:06]} Bg7 {[%emt 0:00:00]} 6. Re1 {[%emt 0:00:05]} Nh6 {[%emt 0:00:16]} 7. c3 {[%emt 0:00:09]} O-O {[%emt 0:00:34]} 8. d4 {[%emt 0:00:04]} cxd4 {[%emt 0:00:12]} 9. cxd4 {[%emt 0:00:05]} f6 {[%emt 0:03:14]} 10. Nc3 {[%emt 0:01:03]} Nf7 {[%emt 0:00:20]} 11. Bf4 {[%emt 0:01:09]} d6 {[%emt 0:00:27]} 12. h3 {[%emt 0:00:11]} Qa5 {[%emt 0:07:02]} 13. Rc1 {[%emt 0:03:39]} Rb8 {[%emt 0:03:24]} 14. b3 {[%emt 0:03:11]} Rb7 {[%emt 0:10:43]} 15. Na4 {[%emt 0:17:55]} Ng5 {[%emt 0:10:03]} 16. Nxg5 {[%emt 0:08:12]} fxg5 {[%emt 0:00:07]} 17. Bg3 {[%emt 0:02:42]} Rb4 {[%emt 0:02:33]} 18. e5 {[%emt 0:03:07]} Qd5 {[%emt 0:00:22]} 19. exd6 {[%emt 0:17:21]} exd6 {[%emt 0:00:29]} 20. Nc3 {[%emt 0:00:44]} Qf5 {[%emt 0:21:15]} 21. d5 {[%emt 0:07:39]} c5 {[%emt 0:05:34]} 22. Qc2 {[%emt 0:04:29]} Qxc2 {[%emt 0:05:28]} 23. Rxc2 {[%emt 0:00:03]} Bf5 {[%emt 0:00:44]} 24. Rcc1 {[%emt 0:00:10]} Rd8 {[%emt 0:05:26]} 25. Nd1 {[%emt 0:03:13]} a5 {[%emt 0:02:45]} 26. Ne3 {[%emt 0:04:46]} a4 {[%emt 0:01:03]} 27. Nc4 {[%emt 0:00:59]} axb3 {[%emt 0:01:51]} 28. axb3 {[%emt 0:00:07]} Rxb3 {[%emt 0:00:54]} 29. Nxd6 {[%emt 0:04:29]} Rd3 {[%emt 0:05:29]} 30. Ne8 {[%emt 0:14:43]} R3xd5 {[%emt 0:05:47]} 31. Nxg7 {[%emt 0:01:15]} Kxg7 {[%emt 0:00:09]} 32. Re7+ {[%emt 0:00:18]} Kf6 {[%emt 0:00:17]} 33. Rxh7 {[%emt 0:00:59]} Rd1+ {[%emt 0:00:05]} 34. Rxd1 {[%emt 0:00:04]} Rxd1+ {[%emt 0:00:05]} 35. Kh2 {[%emt 0:00:02]} Bd7 {[%emt 0:02:28]} 36. h4 {[%emt 0:01:17]} c4 {[%emt 0:03:09]} 37. hxg5+ {[%emt 0:00:42]} Ke6 {[%emt 0:03:09]} 38. Rg7 {[%emt 0:01:33]} c3 {[%emt 0:01:37]} 39. Rxg6+ {[%emt 0:00:29]} Kf5 {[%emt 0:00:08]} 40. Rf6+ {[%emt 0:00:06]} Kxg5 {[%emt 0:00:14]} 41. Rf3 {[%emt 0:00:03]} c2 {[%emt 0:00:36]} 42. Bf4+ {[%emt 0:03:51]} Kg4 {[%emt 0:03:01]} 1/2-1/2

[Event "Bruges Masters 2018"]
[Site "Brugge"]
[Date "2018.08.16"]
[Round "3"]
[White "Ratsma, Rosa"]
[Black "Lai, Hing Ting"]
[Result "0-1"]
[WhiteElo "2286"]
[BlackElo "2459"]
[Annotator "ChessBase"]
[PlyCount "84"]
[EventDate "2018.08.12"]
[EventType "swiss"]
[EventCountry "BEL"]
[SourceTitle "playchess.com"]
[Source "ChessBase"]
[SourceQuality "1"]
[TimeControl "5400+30"]

1. e4 {[%emt 0:00:00]} c6 {[%emt 0:00:00]} 2. Nc3 {[%emt 0:00:00]} d5 {[%emt 0:00:02]} 3. Nf3 {[%emt 0:00:00]} Nf6 {[%emt 0:00:16]} 4. e5 {[%emt 0:00:22]} Ne4 {[%emt 0:00:12]} 5. Ne2 {[%emt 0:00:24]} Qb6 {[%emt 0:00:07]} 6. d4 {[%emt 0:00:08]} e6 {[%emt 0:00:06]} 7. Ng3 {[%emt 0:00:28]} c5 {[%emt 0:00:18]} 8. c3 {[%emt 0:00:23]} Nc6 {[%emt 0:00:15]} 9. Bd3 {[%emt 0:00:18]} Nxg3 {[%emt 0:01:19]} 10. hxg3 {[%emt 0:00:12]} Bd7 {[%emt 0:00:13]} 11. Kf1 {[%emt 0:01:47]} cxd4 {[%emt 0:04:13]} 12. cxd4 {[%emt 0:00:21]} Nb4 {[%emt 0:04:48]} 13. Be2 {[%emt 0:00:52]} Rc8 {[%emt 0:06:31]} 14. Bd2 {[%emt 0:01:04]} Bb5 {[%emt 0:05:37]} 15. Bc3 {[%emt 0:05:33]} Be7 {[%emt 0:03:23]} 16. g4 {[%emt 0:04:36]} a5 {[%emt 0:12:53]} 17. a4 {[%emt 0:07:16]} Bc4 {[%emt 0:04:06]} 18. g3 {[%emt 0:17:14]} Qa6 {[%emt 0:05:03]} 19. Bxc4 {[%emt 0:06:46]} dxc4 {[%emt 0:01:58]} 20. Nd2 {[%emt 0:05:28]} Qc6 {[%emt 0:04:57]} 21. Qf3 {[%emt 0:02:17]} O-O {[%emt 0:10:30]} 22. Qxc6 {[%emt 0:08:36]} Rxc6 {[%emt 0:00:10]} 23. Ke2 {[%emt 0:01:14]} f5 {[%emt 0:10:13]} 24. gxf5 {[%emt 0:03:17]} Rxf5 {[%emt 0:03:01]} 25. f4 {[%emt 0:02:29]} Rf8 {[%emt 0:02:12]} 26. Raf1 {[%emt 0:05:33]} Nd5 {[%emt 0:01:26]} 27. Rf3 {[%emt 0:05:52]} Bb4 {[%emt 0:03:37]} 28. Rhf1 {[%emt 0:03:35]} h5 {[%emt 0:00:43]} 29. Kf2 {[%emt 0:04:40]} g5 {[%emt 0:06:13]} 30. Bxb4 {[%emt 0:01:44]} Nxb4 {[%emt 0:03:10]} 31. Kg2 {[%emt 0:01:43]} g4 {[%emt 0:00:56]} 32. Ra3 {[%emt 0:02:18]} Rd8 {[%emt 0:00:27]} 33. Ne4 {[%emt 0:00:53]} Rxd4 {[%emt 0:00:17]} 34. Nf6+ {[%emt 0:01:00]} Kf7 {[%emt 0:00:10]} 35. Rf2 {[%emt 0:02:32]} Nd3 {[%emt 0:01:03]} 36. Re2 {[%emt 0:00:18]} Kg6 {[%emt 0:02:51]} 37. Ne8 {[%emt 0:05:21]} Rb6 {[%emt 0:01:22]} 38. Nd6 {[%emt 0:00:39]} Rxb2 {[%emt 0:00:45]} 39. Rxb2 {[%emt 0:00:27]} Nxb2 {[%emt 0:00:02]} 40. Nxb7 {[%emt 0:00:44]} Rd3 {[%emt 0:01:06]} 41. Ra2 {[%emt 0:00:29]} c3 {[%emt 0:00:39]} 42. Nc5 {[%emt 0:00:32]} c2 {[%emt 0:00:56]} 0-1

[Event "Bruges Masters 2018"]
[Site "Brugge"]
[Date "2018.08.16"]
[Round "3"]
[White "Pel, Bonno"]
[Black "Geirnaert, Steven"]
[Result "1-0"]
[WhiteElo "2281"]
[BlackElo "2427"]
[Annotator "ChessBase"]
[PlyCount "118"]
[EventDate "2018.08.12"]
[EventType "swiss"]
[EventCountry "BEL"]
[SourceTitle "playchess.com"]
[Source "ChessBase"]
[SourceQuality "1"]
[TimeControl "5400+30"]

1. g3 {[%emt 0:01:24]} d5 {[%emt 0:03:45]} 2. Bg2 {[%emt 0:00:16]} e5 {[%emt 0:00:12]} 3. d3 {[%emt 0:00:13]} Nf6 {[%emt 0:00:15]} 4. Nf3 {[%emt 0:00:41]} Bd6 {[%emt 0:00:10]} 5. O-O {[%emt 0:00:23]} O-O {[%emt 0:00:06]} 6. Nc3 {[%emt 0:00:38]} Re8 {[%emt 0:00:22]} 7. Bg5 {[%emt 0:03:26]} c6 {[%emt 0:02:21]} 8. e4 {[%emt 0:01:40]} d4 {[%emt 0:02:47]} 9. Ne2 {[%emt 0:00:25]} h6 {[%emt 0:00:18]} 10. Bd2 {[%emt 0:00:25]} c5 {[%emt 0:00:23]} 11. Ne1 {[%emt 0:09:04]} Nc6 {[%emt 0:02:50]} 12. f4 {[%emt 0:05:51]} c4 {[%emt 0:04:29]} 13. Kh1 {[%emt 0:05:24]} cxd3 {[%emt 0:09:07]} 14. cxd3 {[%emt 0:00:49]} Bb4 {[%emt 0:01:35]} 15. Bxb4 {[%emt 0:03:28]} Nxb4 {[%emt 0:00:15]} 16. fxe5 {[%emt 0:00:29]} Ng4 {[%emt 0:12:20]} 17. Qb3 {[%emt 0:06:12]} Nc6 {[%emt 0:00:53]} 18. Qxf7+ {[%emt 0:01:43]} Kh7 {[%emt 0:00:25]} 19. Nf3 {[%emt 0:03:52]} Ne3 {[%emt 0:02:51]} 20. Nf4 {[%emt 0:22:02]} Nxf1 {[%emt 0:13:05]} 21. Rxf1 {[%emt 0:00:54]} Rf8 {[%emt 0:17:39]} 22. Qg6+ {[%emt 0:03:55]} Kh8 {[%emt 0:00:18]} 23. Qh5 {[%emt 0:05:22]} Qe8 {[%emt 0:01:00]} 24. Ng6+ {[%emt 0:08:57]} Kg8 {[%emt 0:00:06]} 25. g4 {[%emt 0:00:04]} Be6 {[%emt 0:04:09]} 26. Nxf8 {[%emt 0:05:12]} Qxh5 {[%emt 0:00:40]} 27. gxh5 {[%emt 0:00:05]} Rxf8 {[%emt 0:00:09]} 28. a3 {[%emt 0:02:51]} Bg4 {[%emt 0:00:13]} 29. h3 {[%emt 0:02:36]} Bxh5 {[%emt 0:04:26]} 30. e6 {[%emt 0:00:07]} Re8 {[%emt 0:02:04]} 31. Nh4 {[%emt 0:00:39]} Rxe6 {[%emt 0:00:40]} 32. Bf3 {[%emt 0:00:21]} Rf6 {[%emt 0:04:23]} 33. Kg2 {[%emt 0:00:03]} Bf7 {[%emt 0:00:24]} 34. Rc1 {[%emt 0:01:36]} Be6 {[%emt 0:00:47]} 35. Rc5 {[%emt 0:01:34]} g5 {[%emt 0:05:49]} 36. Nf5 {[%emt 0:01:01]} Bxf5 {[%emt 0:00:07]} 37. exf5 {[%emt 0:00:08]} Kf7 {[%emt 0:00:41]} 38. Bd5+ {[%emt 0:02:13]} Ke7 {[%emt 0:00:26]} 39. Be6 {[%emt 0:00:06]} Rf8 {[%emt 0:00:53]} 40. Kf3 {[%emt 0:01:10]} Kf6 {[%emt 0:00:45]} 41. Ke4 {[%emt 0:00:48]} h5 {[%emt 0:02:30]} 42. b4 {[%emt 0:00:05]} Re8 {[%emt 0:00:48]} 43. b5 {[%emt 0:01:07]} Nd8 {[%emt 0:00:16]} 44. Rc8 {[%emt 0:01:19]} b6 {[%emt 0:01:52]} 45. a4 {[%emt 0:00:53]} Nb7 {[%emt 0:01:54]} 46. Rc7 {[%emt 0:00:50]} Nc5+ {[%emt 0:00:08]} 47. Kd5 {[%emt 0:00:22]} Nxe6 {[%emt 0:01:23]} 48. fxe6 {[%emt 0:00:12]} Re7 {[%emt 0:00:03]} 49. Rd7 {[%emt 0:00:50]} h4 {[%emt 0:00:48]} 50. Rd8 {[%emt 0:00:39]} Rxe6 {[%emt 0:00:15]} 51. Rf8+ {[%emt 0:00:23]} Ke7 {[%emt 0:00:18]} 52. Rg8 {[%emt 0:00:10]} Re3 {[%emt 0:00:14]} 53. Kxd4 {[%emt 0:00:26]} Rxh3 {[%emt 0:00:17]} 54. Rxg5 {[%emt 0:00:08]} Rg3 {[%emt 0:00:12]} 55. Re5+ {[%emt 0:00:38]} Kf6 {[%emt 0:00:15]} 56. Rh5 {[%emt 0:00:41]} Rg4+ {[%emt 0:00:08]} 57. Kd5 {[%emt 0:00:05]} Rg5+ {[%emt 0:00:22]} 58. Rxg5 {[%emt 0:00:49]} Kxg5 {[%emt 0:00:05]} 59. Ke4 {[%emt 0:00:14]} Kg4 {[%emt 0:00:11]} 1-0

[Event "Bruges Masters 2018"]
[Site "Brugge"]
[Date "2018.08.16"]
[Round "3"]
[White "Boffa, Mauro"]
[Black "De Jong, Migchiel"]
[Result "0-1"]
[WhiteElo "2216"]
[BlackElo "2339"]
[Annotator "NA"]
[PlyCount "84"]
[EventDate "2018.08.12"]
[EventType "swiss"]
[EventCountry "BEL"]
[SourceTitle "playchess.com"]
[Source "ChessBase"]
[SourceQuality "1"]
[TimeControl "5400+30"]

1. d4 {[%emt 0:07:25]} e6 {[%emt 0:00:00]} 2. e4 {[%emt 0:00:05]} d5 {[%emt 0:00:06]} 3. Nc3 {[%emt 0:00:03]} Bb4 {[%emt 0:01:18]} 4. a3 {[%emt 0:01:32]} Bxc3+ {[%emt 0:00:50]} 5. bxc3 {[%emt 0:00:01]} Ne7 {[%emt 0:01:58]} 6. Qg4 {[%emt 0:00:26]} Ng6 {[%emt 0:01:18]} 7. e5 {[%emt 0:01:45]} b6 {[%emt 0:00:56]} 8. Nh3 {[%emt 0:14:37]} Ba6 {[%emt 0:02:37]} 9. Ng5 {[%emt 0:07:55]} Bxf1 {[%emt 0:00:59]} 10. Kxf1 {[%emt 0:10:01]} Qd7 {[%emt 0:03:40]} 11. h4 {[%emt 0:02:21]} h6 {[%emt 0:00:48]} 12. Nf3 {[%emt 0:08:32]} h5 {[%emt 0:02:04]} 13. Qg5 {[%emt 0:00:49]} Qa4 {[%emt 0:00:44]} 14. Qd2 {[%emt 0:08:13]} c5 {[%emt 0:00:31]} 15. Rh3 {[%emt 0:02:59]} Nc6 {[%emt 0:00:29]} 16. Rg3 {[%emt 0:00:34]} Rc8 {[%emt 0:02:04]} 17. Ng5 {[%emt 0:03:00]} Nce7 {[%emt 0:03:04]} 18. Rf3 {[%emt 0:02:32]} Rf8 {[%emt 0:00:51]} 19. Nh7 {[%emt 0:01:02]} Rg8 {[%emt 0:03:14]} 20. Ng5 {[%emt 0:02:25]} Nf5 {[%emt 0:01:16]} 21. Rxf5 {[%emt 0:01:59]} exf5 {[%emt 0:00:07]} 22. e6 {[%emt 0:00:39]} f6 {[%emt 0:00:43]} 23. Nf7 {[%emt 0:01:44]} Ke7 {[%emt 0:01:16]} 24. Ng5 {[%emt 0:04:59]} cxd4 {[%emt 0:00:48]} 25. Qd1 {[%emt 0:03:31]} d3 {[%emt 0:01:44]} 26. Qxh5 {[%emt 0:04:08]} Qg4 {[%emt 0:00:58]} 27. Qxg4 {[%emt 0:01:36]} fxg4 {[%emt 0:00:05]} 28. h5 {[%emt 0:00:47]} Ne5 {[%emt 0:00:35]} 29. Nf7 {[%emt 0:01:34]} d2 {[%emt 0:00:41]} 30. Bxd2 {[%emt 0:00:10]} Nc4 {[%emt 0:00:05]} 31. h6 {[%emt 0:02:03]} Nxd2+ {[%emt 0:00:13]} 32. Ke2 {[%emt 0:01:27]} Ne4 {[%emt 0:00:08]} 33. h7 {[%emt 0:00:26]} Rh8 {[%emt 0:00:09]} 34. Nxh8 {[%emt 0:02:29]} Rxh8 {[%emt 0:00:07]} 35. Rh1 {[%emt 0:00:43]} g3 {[%emt 0:00:18]} 36. f3 {[%emt 0:00:20]} Ng5 {[%emt 0:00:07]} 37. f4 {[%emt 0:00:06]} Rxh7 {[%emt 0:00:18]} 38. Rxh7 {[%emt 0:01:24]} Nxh7 {[%emt 0:00:07]} 39. f5 {[%emt 0:00:21]} Ng5 {[%emt 0:00:09]} 40. Ke3 {[%emt 0:00:23]} g6 {[%emt 0:00:43]} 41. fxg6 {[%emt 0:01:15]} Nxe6 {[%emt 0:00:23]} 42. Kf3 {[%emt 0:00:12]} f5 {[%emt 0:00:06]} 0-1

[Event "Bruges Masters 2018"]
[Site "Brugge"]
[Date "2018.08.16"]
[Round "3"]
[White "Den Hartog, Marijn"]
[Black "Ravi, Teja S."]
[Result "1-0"]
[WhiteElo "2118"]
[BlackElo "2374"]
[Annotator "ChessBase"]
[PlyCount "57"]
[EventDate "2018.08.12"]
[EventType "swiss"]
[EventCountry "BEL"]
[SourceTitle "playchess.com"]
[Source "ChessBase"]
[SourceQuality "1"]
[TimeControl "5400+30"]

1. e4 {[%emt 0:00:00]} c6 {[%emt 0:17:16]} 2. d4 {[%emt 0:00:00]} d5 {[%emt 0:00:06]} 3. e5 {[%emt 0:00:00]} Bf5 {[%emt 0:00:04]} 4. Nf3 {[%emt 0:00:00]} e6 {[%emt 0:00:03]} 5. Be2 {[%emt 0:00:00]} c5 {[%emt 0:00:33]} 6. Be3 {[%emt 0:00:21]} cxd4 {[%emt 0:00:16]} 7. Nxd4 {[%emt 0:00:03]} Ne7 {[%emt 0:00:06]} 8. Nd2 {[%emt 0:00:51]} Nbc6 {[%emt 0:00:08]} 9. N2f3 {[%emt 0:00:05]} Be4 {[%emt 0:01:15]} 10. O-O {[%emt 0:02:23]} Ng6 {[%emt 0:05:40]} 11. Bb5 {[%emt 0:00:14]} Qc7 {[%emt 0:08:16]} 12. Ng5 {[%emt 0:01:23]} Ngxe5 {[%emt 0:01:10]} 13. c4 {[%emt 0:00:10]} a6 {[%emt 0:07:18]} 14. Ba4 {[%emt 0:00:15]} Bd6 {[%emt 0:07:35]} 15. Ngxe6 {[%emt 0:00:15]} fxe6 {[%emt 0:01:01]} 16. Nxe6 {[%emt 0:00:04]} Qd7 {[%emt 0:08:33]} 17. cxd5 {[%emt 0:01:57]} b5 {[%emt 0:00:30]} 18. Bb3 {[%emt 0:22:48]} Nd8 {[%emt 0:07:28]} 19. Qd4 {[%emt 0:18:35]} Bf5 {[%emt 0:08:17]} 20. f4 {[%emt 0:02:43]} Nef7 {[%emt 0:02:46]} 21. Nxg7+ {[%emt 0:17:22]} Kf8 {[%emt 0:01:51]} 22. Qf6 {[%emt 0:12:24]} Bd3 {[%emt 0:00:49]} 23. Ne6+ {[%emt 0:02:35]} Ke8 {[%emt 0:04:54]} 24. Rfe1 {[%emt 0:02:46]} Rg8 {[%emt 0:04:55]} 25. Bb6 {[%emt 0:05:41]} Be7 {[%emt 0:03:38]} 26. Nxd8 {[%emt 0:00:16]} Nxd8 {[%emt 0:03:02]} 27. Bc5 {[%emt 0:01:29]} Rxg2+ {[%emt 0:01:31]} 28. Kxg2 {[%emt 0:00:20]} Qg4+ {[%emt 0:00:16]} 29. Kf2 {[%emt 0:00:51]} 1-0

[Event "Bruges Masters 2018"]
[Site "Brugge"]
[Date "2018.08.16"]
[Round "3"]
[White "Chaerle, Josse"]
[Black "Bisby, Daniel L"]
[Result "0-1"]
[WhiteElo "1996"]
[BlackElo "2314"]
[Annotator "NA"]
[PlyCount "84"]
[EventDate "2018.08.12"]
[EventType "swiss"]
[EventCountry "BEL"]
[SourceTitle "playchess.com"]
[Source "ChessBase"]
[SourceQuality "1"]
[TimeControl "5400+30"]

1. Nf3 {[%emt 0:00:00]} d6 {[%emt 0:00:10]} 2. d4 {[%emt 0:02:07]} Nf6 {[%emt 0:00:53]} 3. c4 {[%emt 0:03:03]} g6 {[%emt 0:00:11]} 4. Nc3 {[%emt 0:00:10]} Bg7 {[%emt 0:00:22]} 5. e4 {[%emt 0:00:18]} O-O {[%emt 0:00:13]} 6. h3 {[%emt 0:00:21]} Nbd7 {[%emt 0:04:44]} 7. Be2 {[%emt 0:06:19]} e5 {[%emt 0:00:30]} 8. dxe5 {[%emt 0:00:49]} dxe5 {[%emt 0:00:10]} 9. Be3 {[%emt 0:00:42]} c6 {[%emt 0:04:11]} 10. Qc2 {[%emt 0:23:54]} Qe7 {[%emt 0:03:14]} 11. O-O {[%emt 0:03:04]} Nh5 {[%emt 0:04:31]} 12. Rfe1 {[%emt 0:13:55]} Nf4 {[%emt 0:04:08]} 13. Bf1 {[%emt 0:04:31]} Qf6 {[%emt 0:05:49]} 14. Nd2 {[%emt 0:05:32]} Ne6 {[%emt 0:02:01]} 15. b4 {[%emt 0:00:35]} Nd4 {[%emt 0:02:31]} 16. Qb2 {[%emt 0:00:46]} Rd8 {[%emt 0:06:59]} 17. Rad1 {[%emt 0:09:20]} Nf8 {[%emt 0:03:05]} 18. c5 {[%emt 0:06:05]} Nfe6 {[%emt 0:03:30]} 19. Nc4 {[%emt 0:01:51]} Nf4 {[%emt 0:22:54]} 20. Bxf4 {[%emt 0:06:47]} Qxf4 {[%emt 0:01:34]} 21. Ne2 {[%emt 0:00:34]} Qg5 {[%emt 0:08:24]} 22. Nxd4 {[%emt 0:00:57]} exd4 {[%emt 0:00:32]} 23. Qb3 {[%emt 0:05:45]} Be6 {[%emt 0:00:44]} 24. Qf3 {[%emt 0:00:09]} b6 {[%emt 0:03:16]} 25. cxb6 {[%emt 0:03:00]} axb6 {[%emt 0:00:10]} 26. a3 {[%emt 0:00:19]} Rab8 {[%emt 0:02:59]} 27. Nb2 {[%emt 0:01:38]} c5 {[%emt 0:01:20]} 28. Rc1 {[%emt 0:00:32]} Qe7 {[%emt 0:02:50]} 29. b5 {[%emt 0:00:26]} Ra8 {[%emt 0:01:06]} 30. Nc4 {[%emt 0:00:27]} Bxc4 {[%emt 0:00:41]} 31. Bxc4 {[%emt 0:00:12]} d3 {[%emt 0:00:13]} 32. Red1 {[%emt 0:01:07]} Rxa3 {[%emt 0:02:33]} 33. Bd5 {[%emt 0:00:09]} Bb2 {[%emt 0:02:32]} 34. Rb1 {[%emt 0:00:35]} d2 {[%emt 0:01:40]} 35. Qxf7+ {[%emt 0:00:28]} Qxf7 {[%emt 0:00:08]} 36. Bxf7+ {[%emt 0:00:03]} Kxf7 {[%emt 0:00:06]} 37. Rxb2 {[%emt 0:00:02]} Rad3 {[%emt 0:00:37]} 38. Rc2 {[%emt 0:01:23]} R8d4 {[%emt 0:00:49]} 39. Kf1 {[%emt 0:00:35]} c4 {[%emt 0:00:11]} 40. f3 {[%emt 0:00:24]} c3 {[%emt 0:01:17]} 41. Ke2 {[%emt 0:00:36]} Ke6 {[%emt 0:00:29]} 42. Ra2 {[%emt 0:00:33]} g5 {[%emt 0:01:52]} 0-1

[Event "Bruges Masters 2018"]
[Site "Brugge"]
[Date "2018.08.16"]
[Round "4"]
[White "Nikolov, Momchil"]
[Black "Shyaamnikhil P"]
[Result "1/2-1/2"]
[WhiteElo "2549"]
[BlackElo "2389"]
[Annotator "ChessBase"]
[PlyCount "108"]
[EventDate "2018.08.12"]
[EventType "swiss"]
[EventCountry "BEL"]
[SourceTitle "playchess.com"]
[Source "ChessBase"]
[SourceQuality "1"]
[TimeControl "5400+30"]

1. d4 {[%emt 0:00:00]} Nf6 {[%emt 0:01:15]} 2. c4 {[%emt 0:00:00]} g6 {[%emt 0:01:29]} 3. Nc3 {[%emt 0:01:00]} c5 {[%emt 0:02:06]} 4. d5 {[%emt 0:03:01]} Bg7 {[%emt 0:00:18]} 5. e4 {[%emt 0:00:21]} O-O {[%emt 0:00:16]} 6. f3 {[%emt 0:03:37]} e6 {[%emt 0:03:05]} 7. Nh3 {[%emt 0:01:22]} a6 {[%emt 0:01:44]} 8. a4 {[%emt 0:00:22]} exd5 {[%emt 0:00:48]} 9. cxd5 {[%emt 0:00:08]} d6 {[%emt 0:00:25]} 10. Nf2 {[%emt 0:00:08]} Ne8 {[%emt 0:00:24]} 11. Bf4 {[%emt 0:08:46]} Nd7 {[%emt 0:04:32]} 12. Qd2 {[%emt 0:03:36]} f5 {[%emt 0:04:33]} 13. exf5 {[%emt 0:04:50]} gxf5 {[%emt 0:01:19]} 14. Be2 {[%emt 0:01:14]} Ne5 {[%emt 0:00:15]} 15. O-O {[%emt 0:01:38]} Ng6 {[%emt 0:04:56]} 16. Bg5 {[%emt 0:00:51]} Qc7 {[%emt 0:00:30]} 17. Nh3 {[%emt 0:02:13]} Qf7 {[%emt 0:19:41]} 18. Nf4 {[%emt 0:01:35]} Nc7 {[%emt 0:00:24]} 19. Nxg6 {[%emt 0:05:23]} Qxg6 {[%emt 0:01:33]} 20. a5 {[%emt 0:24:43]} Bd7 {[%emt 0:00:16]} 21. Rae1 {[%emt 0:01:18]} Rae8 {[%emt 0:11:00]} 22. Bf4 {[%emt 0:01:34]} Rf7 {[%emt 0:12:46]} 23. Bc4 {[%emt 0:02:18]} Rfe7 {[%emt 0:00:59]} 24. Rxe7 {[%emt 0:02:47]} Rxe7 {[%emt 0:00:06]} 25. Re1 {[%emt 0:00:29]} Rxe1+ {[%emt 0:03:30]} 26. Qxe1 {[%emt 0:00:07]} Qf6 {[%emt 0:00:29]} 27. Ne2 {[%emt 0:02:38]} Be8 {[%emt 0:07:11]} 28. b3 {[%emt 0:07:15]} Bf7 {[%emt 0:00:38]} 29. Qd2 {[%emt 0:00:18]} Nb5 {[%emt 0:02:06]} 30. h3 {[%emt 0:03:40]} Qa1+ {[%emt 0:09:10]} 31. Kh2 {[%emt 0:00:39]} Qf6 {[%emt 0:03:46]} 32. Qd3 {[%emt 0:02:52]} Be8 {[%emt 0:02:06]} 33. Bg3 {[%emt 0:04:05]} Bd7 {[%emt 0:00:43]} 34. Qe3 {[%emt 0:02:03]} Kf7 {[%emt 0:00:29]} 35. Bf4 {[%emt 0:02:18]} Qe7 {[%emt 0:00:42]} 36. Qf2 {[%emt 0:01:42]} Bf6 {[%emt 0:00:46]} 37. Ng3 {[%emt 0:02:45]} Bd4 {[%emt 0:00:58]} 38. Qd2 {[%emt 0:01:00]} Be5 {[%emt 0:01:11]} 39. Bxe5 {[%emt 0:00:50]} Qxe5 {[%emt 0:00:04]} 40. Qh6 {[%emt 0:02:38]} Qg7 {[%emt 0:00:07]} 41. Qh4 {[%emt 0:00:14]} Ke8 {[%emt 0:00:14]} 42. f4 {[%emt 0:01:26]} Qe7 {[%emt 0:00:31]} 43. Qh5+ {[%emt 0:00:16]} Qf7 {[%emt 0:00:05]} 44. Qg5 {[%emt 0:01:01]} Qg6 {[%emt 0:00:20]} 45. Nh5 {[%emt 0:00:52]} Bc8 {[%emt 0:00:47]} 46. Qh4 {[%emt 0:00:32]} h6 {[%emt 0:00:08]} 47. Qe1+ {[%emt 0:00:22]} Kd7 {[%emt 0:00:48]} 48. Ng3 {[%emt 0:00:12]} Kd8 {[%emt 0:00:43]} 49. b4 {[%emt 0:00:37]} Qe8 {[%emt 0:01:17]} 50. Qd2 {[%emt 0:00:38]} Bd7 {[%emt 0:00:46]} 51. Bxb5 {[%emt 0:00:39]} axb5 {[%emt 0:00:07]} 52. bxc5 {[%emt 0:00:31]} dxc5 {[%emt 0:00:06]} 53. Qc3 {[%emt 0:00:30]} Qe7 {[%emt 0:00:19]} 54. Qh8+ {[%emt 0:00:33]} Kc7 {[%emt 0:02:13]} 1/2-1/2